01663nam a2200397 a 4500001001200000003000800012006001900020007001500039008004100054010001700095020001500112020001800127020002700145040002100172035002100193043001200214050002500226082002600251245009400277246005400371260005500425300002400480490005800504504005100562533015200613650006500765650005900830650006500889650003300954655002900987700002201016710001701038830006701055856012601122999001701248ebr10676363CaPaEBRm u cr cn|||||||||091020s2010 nyua sb 001 0 eng d z 2009041009 z1607413817 z9781607413813 z9781614705956 (e-book) aCaPaEBRcCaPaEBR a(OCoLC)768111305 an-us---14aHC110.A4bP65 2010eb04a363.738/74561097322200aPolicy option issues for CO2 emissionsh[electronic resource] /cNikolaus Vogler, editor.3 aPolicy option issues for carbon dioxide emissions aNew York :bNova Science Publishers, Inc.,cc2010. axii, 128 p. :bill.1 aClimate change and its causes, effects and prediction aIncludes bibliographical references and index. aElectronic reproduction.bPalo Alto, Calif. :cebrary,d2013.nAvailable via World Wide Web.nAccess may be limited to ebrary affiliated libraries. 0aCarbon dioxide mitigationxGovernment policyzUnited States. 0aEnvironmental policyxEconomic aspectszUnited States. 0aGreenhouse gas mitigationxGovernment policyzUnited States. 0aCarbon taxeszUnited States. 7aElectronic books.2local1 aVogler, Nikolaus.2 aebrary, Inc. 0aClimate change and its causes, effects, and prediction series.40uhttp://site.ebrary.com/lib/rucke/Doc?id=10676363zAn electronic book accessible through the World Wide Web; click to view c58696d58696